|
|
|
|
| LEADER |
02544nas a2200601 a 4500 |
| 001 |
c000152170 |
| 003 |
CARM |
| 005 |
20021105170603.0 |
| 008 |
860716c19591986sz brzp i0 a0eng d |
| 010 |
|
|
|a 51018817
|
| 019 |
1 |
|
|a 3897191
|z 7290120
|z 42643153
|5 LACONCORD2021
|
| 022 |
|
|
|a 0042-9694
|
| 022 |
0 |
|
|a 0042-9694
|
| 035 |
|
|
|a (OCoLC)1643486
|5 LACONCORD2021
|
| 040 |
|
|
|a LC
|b eng
|c LC
|
| 042 |
|
|
|a nsdp
|
| 050 |
|
4 |
|a RA8
|b .A15
|
| 060 |
|
0 |
|a W2 MW6 C5
|
| 060 |
0 |
|
|a W2 MW6 C5
|
| 070 |
0 |
|
|a 449.9
|b W892
|
| 082 |
0 |
4 |
|a 610.5
|2 19
|
| 210 |
0 |
|
|a WHO chron
|
| 222 |
|
0 |
|a WHO chronicle
|
| 245 |
0 |
0 |
|a WHO chronicle.
|
| 246 |
3 |
|
|a World Health Organization chronicle
|
| 260 |
|
|
|a Geneva, Switzerland :
|b World Health Organization,
|c 1959-.
|
| 300 |
|
|
|a v. :
|b ill. ;
|c 24 cm.
|
| 310 |
|
|
|a 6 no. a year
|b 1981-
|
| 321 |
|
|
|a Monthly
|
| 362 |
0 |
|
|a Vol. 13, no. 1 (Jan. 1959)-
|
| 500 |
|
|
|a In English, French, Spanish, Russian and Chinese.
|
| 500 |
|
|
|a Title from cover.
|
| 510 |
2 |
|
|a Electronics and communications abstracts journal (Riverdale)
|x 0361-3313
|
| 510 |
2 |
|
|a Excerpta medica
|
| 510 |
2 |
|
|a Index medicus
|x 0019-3879
|
| 510 |
2 |
|
|a ISMEC bulletin
|x 0306-0039
|
| 510 |
2 |
|
|a Public Affairs Information Service bulletin
|x 0033-3409
|
| 650 |
|
2 |
|a Public health
|x Periodicals.
|
| 650 |
|
0 |
|a Medicine
|x Periodicals.
|
| 650 |
|
0 |
|a Public health
|x Periodicals.
|
| 650 |
|
0 |
|a Medical care
|x Periodicals.
|
| 710 |
2 |
|
|a World Health Organization.
|
| 770 |
0 |
|
|t International nonproprietary names for pharmaceutical substances
|
| 780 |
0 |
0 |
|t Chronicle of the World Health Organization
|w (OCoLC)1778077
|
| 852 |
8 |
|
|b CARM
|h A2:AK26D0
|i C03796
|p 0196779
|f SE
|
| 852 |
8 |
|
|b CARM
|h A2:AL15F0
|i C05331
|p 0206329
|f SE
|
| 852 |
8 |
|
|b CARM
|h A2:AL15F0
|i C05332
|p 0206330
|f SE
|
| 866 |
|
0 |
|a 13:2(1959:02)-40:6(1986) Inc.
|
| 866 |
|
0 |
|a 13:2(1959:02)-40:6(1986) Inc.
|
| 999 |
f |
f |
|i 4ac5308a-d747-57bc-afae-92f2a0c85105
|s ee13c083-2ff6-5241-9a15-b6906f2823a5
|
| 952 |
f |
f |
|p Can circulate
|a CAVAL
|b CAVAL
|c CAVAL
|d CARM 1 Store
|e C05331
|f A2:AL15F0
|h Other scheme
|i book
|k 25:1(1971:01)-33:12(1979:12)
|m 0206329
|
| 952 |
f |
f |
|p Can circulate
|a CAVAL
|b CAVAL
|c CAVAL
|d CARM 1 Store
|e C05332
|f A2:AL15F0
|h Other scheme
|i book
|k 34:1(1980:01)-40:6(1986)
|m 0206330
|
| 952 |
f |
f |
|p Can circulate
|a CAVAL
|b CAVAL
|c CAVAL
|d CARM 1 Store
|e C03796
|f A2:AK26D0
|h Other scheme
|i book
|k 13:2(1959:02)-13:12(1959:12),14:5(1960:05),14:7(1960:07)-14:12(1960:12),15:2(1961:02),15:4(1961:04),15:11(1961:11)-16:2(1962:02),17:1(1963:01)-17:2(1963:02),17:7(1963:07)-17:9(1963:09),17:12(1963...
|m 0196779
|